000 01920cam a2200397Mi 4500
001 ocn883921641
005 20180312144709.0
008 171023s2014 xx d 000 0 eng d
010 _a 2012050013
016 7 _a734696035
_2DE-101
020 _z0195388569
020 _a9780195388565
020 _a9780190669386
020 _z0190669381
024 3 _a9780195388565
024 3 _a9780190669386
035 _a(OCoLC)883921641
040 _aCo-BoUCM
_bspa
_cSaul Niño
_dSaul Niño
050 0 _aHV6545
060 _aWM 165
245 0 4 _aThe Oxford handbook of suicide and self-injury
_ced. by Matthew L. Nock
246 1 3 _aHandbook of suicide and self-injury
246 1 3 _aSuicide and self-injury
260 _aOxford
_bOxford Univ. Press
_c2014
300 _axvi, 516 páginas
_bgráficas
490 0 _aOxford library of psychology
520 _aSuicide is a perplexing human behavior that remains among the leading causes of death worldwide, responsible for more deaths each year than all wars, genocide, and homicide combined. Although suicide and other forms of self-injury have baffled scholars and clinicians for thousands of years, the past few decades have brought significant leaps in our understanding of these behaviors. This volume provides a comprehensive summary of the most important and exciting advances in our understanding of suicide and self-injury and our ability to predict and prevent it. Keywords: suicide, self-injury, psychology, clinical psychology, self-harm.
546 _aTexto en inglés
650 2 7 _aEnfermedades mentales
_914424
650 2 7 _aPersonalidad (Psicología)
_921416
650 2 7 _aTrastornos de la personalidad
_xPsicología
_925760
650 1 7 _aConducta suicida
_911543
700 1 _aNock, Matthew K
_eeditor
_987894
700 1 _aNathan, Peter E.
_eeditor
_987895
942 _2DEWEY
_a15
_cLIBRO
_e1
_hWM 165
_mO982o
_n0
999 _c307331
_d307331